Sacralidad y secularización

Guardat en:
Dades bibliogràfiques
Autor principal: Iraburu, José María (Autor)
Format: Llibre
Idioma:espanyol
Publicat: Pamplona Gratis Date 1996
Col·lecció:Cuadernos, A5
Matèries:
Etiquetes: Afegir etiqueta
Sense etiquetes, Sigues el primer a etiquetar aquest registre!

MARC

LEADER 00000nam a2200000 a 4500
001 UCM0599
003 CL-VaPUC
008 020301e19960000SP |||||||||||||||||spa|d
082 0 4 |a 211.6  |b IRA  |2 21 
100 |a Iraburu, José María  |e author  |9 519515 
245 1 0 |a Sacralidad y secularización 
300 |a 80 p 
942 |c BK 
945 |d 20020301 00:00:00  |a cmena 
260 |a Pamplona  |b Gratis Date  |c 1996 
650 7 |a CONCEPTOS DE DIOS  |2 CL-VaPUC  |9 467503 
650 0 |a Secularismo   |9 401960 
650 0 |a Filosofía cristiana   |9 265980 
650 0 |a Cristianismo  |9 257361 
583 |a last modification  |c 20020301 00:00:00  |k Rodrigo Vera 
490 0 |a Cuadernos, A5 
999 |c 299483  |d 299481 
952 |0 0  |1 2  |4 0  |6 211_600000000000000_IRA_1996  |7 0  |8 A  |9 356045  |a BIBTEO  |b BIBTEO  |d 2019-11-21  |i 3792072  |o 211.6 IRA 1996  |p 3792072  |r 2019-11-21  |w 2019-11-21  |x Descarte 2019  |y BK  |k ICR